The alchemyst: (Record no. 7057)

MARC details
000 -LEADER
fixed length control field 00766nam a22001817a 4500
003 - CONTROL NUMBER IDENTIFIER
control field OSt
005 - DATE AND TIME OF LATEST TRANSACTION
control field 20251212021222.0
008 - FIXED-LENGTH DATA ELEMENTS--GENERAL INFORMATION
fixed length control field 251212b |||||||| |||| 00| 0 eng d
020 ## - INTERNATIONAL STANDARD BOOK NUMBER
International Standard Book Number 978-0-385-73600-8
040 ## - CATALOGING SOURCE
Original cataloging agency DWCL - Main Lib
Transcribing agency OC
082 ## - DEWEY DECIMAL CLASSIFICATION NUMBER
Classification number Fic. S428a 2007
100 ## - MAIN ENTRY--PERSONAL NAME
Personal name Scott, Michael
245 ## - TITLE STATEMENT
Title The alchemyst:
Remainder of title the secrets of the immortal Nicholas Flamel /
Statement of responsibility, etc. Michael Scott
260 ## - PUBLICATION, DISTRIBUTION, ETC.
Place of publication, distribution, etc. New York:
Name of publisher, distributor, etc. delacorte Press,
Date of publication, distribution, etc. c2007.
300 ## - PHYSICAL DESCRIPTION
Extent 375 p.:
Other physical details ill.;
Dimensions 20 cm.
520 ## - SUMMARY, ETC.
Expansion of summary note While working at pleasant but mundane summer jobs in San Francisco, fifteen year old twins, Sophi and Josh, suddenly find themselves caught up in the deadly, centuries-old struggle between rival alchemists, Nicholas Flamel and John Dee, over.
942 ## - ADDED ENTRY ELEMENTS (KOHA)
Source of classification or shelving scheme Dewey Decimal Classification
Koha item type Fiction
Call number suffix Fic.
Suppress in OPAC No
952 ## - LOCATION AND ITEM INFORMATION (KOHA)
--
Holdings
Withdrawn status Lost status Source of classification or shelving scheme Damaged status Not for loan Home library Current library Shelving location Date acquired Source of acquisition Total Checkouts Full call number Barcode Date last seen Copy number Price effective from Koha item type Uniform Resource Identifier
    Dewey Decimal Classification     Junior High School Library Junior High School Library Fiction 09/01/2011 Library Fund   Fic. S428a 2007 JHS - 16064 12/12/2025 c1 12/12/2025 FIC.